| 000 | 00551nam a22001817a 4500 | ||
|---|---|---|---|
| 003 | 0 | ||
| 005 | 20230629124732.0 | ||
| 008 | 230616b xxu||||| |||| 00| 0 eng d | ||
| 020 | _a971-630-083-2 | ||
| 082 |
_aFil. 398. 245 _b.Ve465 1997 |
||
| 245 |
_aThe termite queen and other classic Philippine earth tales _cVentura, Sylvia M. |
||
| 260 |
_aMakati City _bTahanan Books for Young Readers _cc1997 |
||
| 300 |
_a 55pp. _bill. _c25cm. |
||
| 500 | _aTales-Philippines | ||
| 500 | _aFolk literature-Philippines | ||
| 856 | _zfm | ||
| 942 |
_2ddc _cBK |
||
| 999 |
_c364992 _d364992 |
||